Sociology : (Record no. 5161)

MARC details
000 -LEADER
fixed length control field 01231cam a22003134a 4500
001 - CONTROL NUMBER
control field 13324164
003 - CONTROL NUMBER IDENTIFIER
control field OSt
005 - DATE AND TIME OF LATEST TRANSACTION
control field 20160907130334.0
008 - FIXED-LENGTH DATA ELEMENTS--GENERAL INFORMATION
fixed length control field 030826s2004 caua b 001 0 eng
010 ## - LIBRARY OF CONGRESS CONTROL NUMBER
LC control number 2003019153
020 ## - INTERNATIONAL STANDARD BOOK NUMBER
International Standard Book Number 9781412987295
040 ## - CATALOGING SOURCE
Original cataloging agency DLC
Transcribing agency DLC
Modifying agency DLC
042 ## - AUTHENTICATION CODE
Authentication code pcc
050 00 - LIBRARY OF CONGRESS CALL NUMBER
Classification number HM585
Item number .N48 2004
082 00 - DEWEY DECIMAL CLASSIFICATION NUMBER
Classification number 301NEW 2012
100 1# - MAIN ENTRY--PERSONAL NAME
Personal name Newman, David M.,
Dates associated with a name 1958-
9 (RLIN) 7238
245 10 - TITLE STATEMENT
Title Sociology :
Remainder of title exploring the architecture of everyday life /
Statement of responsibility, etc. David M. Newman.
260 ## - PUBLICATION, DISTRIBUTION, ETC. (IMPRINT)
Place of publication, distribution, etc. Los Angeles.
Name of publisher, distributor, etc. Sage;
Date of publication, distribution, etc. 2012
300 ## - PHYSICAL DESCRIPTION
Extent xxvi, 601p. :
Other physical details ill. ;
Dimensions 26 cm.
504 ## - BIBLIOGRAPHY, ETC. NOTE
Bibliography, etc Includes bibliographical references (p. 537-578) and index.
650 #0 - SUBJECT ADDED ENTRY--TOPICAL TERM
Topical term or geographic name as entry element Sociology.
9 (RLIN) 2259
700 1# - ADDED ENTRY--PERSONAL NAME
Personal name Harper, Douglas A.
9 (RLIN) 7239
856 41 - ELECTRONIC LOCATION AND ACCESS
Materials specified Table of contents only
Uniform Resource Identifier http://www.loc.gov/catdir/toc/ecip048/2003019153.html
856 42 - ELECTRONIC LOCATION AND ACCESS
Materials specified Publisher description
Uniform Resource Identifier http://www.loc.gov/catdir/enhancements/fy0658/2003019153-d.html
856 42 - ELECTRONIC LOCATION AND ACCESS
Materials specified Contributor biographical information
Uniform Resource Identifier http://www.loc.gov/catdir/enhancements/fy0734/2003019153-b.html
906 ## - LOCAL DATA ELEMENT F, LDF (RLIN)
a 7
b cbc
c orignew
d 1
e ecip
f 20
g y-gencatlg
942 ## - ADDED ENTRY ELEMENTS (KOHA)
Source of classification or shelving scheme Dewey Decimal Classification
Koha item type Open Shelf
Holdings
Withdrawn status Lost status Source of classification or shelving scheme Damaged status Not for loan Home library Current library Date acquired Source of acquisition Inventory number Total Checkouts Full call number Barcode Date last seen Date last checked out Price effective from Koha item type
    Dewey Decimal Classification     MUST Main Library MUST Main Library 07/09/2016   13/37160 2 301NEW 2012 2016-4082 07/09/2016 07/09/2016 07/09/2016 Open Shelf